College Towns II Quiz Stats

 Plays Quiz Updated Oct 1, 2018

Support Sporcle.
Go Orange.
Score 0/30 Timer 08:00
4 Plays Today
School Town % Correct
Georgetown UniversityWashington, DC
79.4%
University of WisconsinMadison, WI
71.9%
U.S. Naval Academy (Navy)Annapolis, MD
69.4%
Harvard UniversityCambridge, MA
65.4%
University of GeorgiaAthens, GA
64.3%
University of NevadaReno, NV
60.7%
DePaul UniversityChicago, IL
59.1%
Michigan State UniversityEast Lansing, MI
54.3%
University of South CarolinaColumbia, SC
53.4%
Yale UniversityNew Haven, CT
52.5%
Cornell UniversityIthaca, NY
52.1%
Marquette UniversityMilwaukee, WI
50.3%
University of ArizonaTucson, AZ
50.2%
Butler UniversityIndianapolis, IN
48%
University of VirginiaCharlottesville, VA
44.3%
School Town % Correct
Kansas State UniversityManhattan, KS
44%
Texas Tech UniversityLubbock, TX
43.2%
Gonzaga UniversitySpokane, WA
41.1%
Xavier UniversityCincinnati, OH
40.5%
University of MississippiOxford, MS
38.5%
Wake Forest UniversityWinston-Salem, NC
37.6%
Texas Christian UniversityFort Worth, TX
37.5%
Purdue UniversityWest Lafayette, IN
34.8%
Oregon State UniversityCorvallis, OR
31.7%
Boston CollegeChestnut Hill, MA
31.4%
Appalachian State UniversityBoone, NC
27.1%
Drake UniversityDes Moines, IA
26.8%
Marshall UniversityHuntington, WV
23.3%
University of IdahoMoscow, ID
19.2%
Western Kentucky UniversityBowling Green, KY
17.1%

From the Vault

Big 4 Worst of the Decade (1990s)

by Hejman

Sports 4m
In sports there are always winners and losers. This quiz is for the latter.
Remove Ads.
Support Sporcle.
Get the best of Sporcle when you Go Orange. This ad-free experience offers more features, more stats, and more fun while also helping to support Sporcle. Thank you for becoming a member.

Show Comments

Extras

Top Quizzes Today


Score Distribution

Your Account Isn't Verified!

In order to create a playlist on Sporcle, you need to verify the email address you used during registration. Go to your Sporcle Settings to finish the process.

Report this User

Report this user for behavior that violates our Community Guidelines.

Details: